000 00596nam a2200229Ia 4500
003 OSt
005 20221007072149.0
006 a|||||r|||| 00| 0
007 ta
008 221006b |||||||| |||| 00| 0 eng d
024 _a41,637
037 _cTextual
040 _aFLL
_cFLL
_beng
041 _2eng
_aeng
082 _aY:45:(U47), Q4
100 _aAndresen M.A.
_9690174
245 0 _aEnvironmental criminology
260 _aLondon
_bRoutledge
_c2014
300 _axiv,274p
_ccm.
942 _hY:45:(U47), Q4
_cTEXL
_2CC
999 _c1145349
_d1145349